| 000 | 00419pab a2200157 454500 | ||
|---|---|---|---|
| 008 | 180718b2013 xxu||||| |||| 00| 0 eng d | ||
| 100 | _aBasu, Anurima Mukherjee | ||
| 245 | _aNew forms of partnerships in Urban Governance | ||
| 260 | _c2013 | ||
| 300 | _ap.61-65. | ||
| 362 | _aJan-Jun | ||
| 650 | _aUrban development | ||
| 773 | _aSouth Asian Journal of Socio-Political Studies | ||
| 908 | _aN | ||
| 909 | _a101278 | ||
| 999 |
_c101277 _d101277 |
||